| Tag |
First Indicator |
Second Indicator |
Subfields |
| LEADER |
00000cam a2200000Ii 4500 |
| 001 |
in00004266164 |
| 008 |
200304s2020 nyu 000 f eng d |
| 005 |
20250318214158.9 |
| 019 |
|
|
|a 1114344460
|
| 020 |
|
|
|a 9780765398598
|
| 020 |
|
|
|a 0765398591
|q (paperback)
|
| 035 |
|
|
|a (OCoLC)on1148415810
|
| 035 |
|
|
|a (OCoLC)1148415810
|z (OCoLC)1114344460
|
| 040 |
|
|
|a CNWPU
|b eng
|e rda
|c CNWPU
|d OCLCQ
|d OPW
|d IG$
|d OCLCO
|d ON8
|d YDX
|d SO$
|d LMJ
|d OCLCF
|
| 050 |
|
4 |
|a PS3604.O66
|b U53 2020
|
| 082 |
0 |
4 |
|a 813/.6
|2 23
|
| 100 |
1 |
|
|a Doore, K. A.,
|e author.
|
| 245 |
1 |
4 |
|a The unconquered city /
|c K. A. Doore.
|
| 250 |
|
|
|a First edition.
|
| 264 |
|
1 |
|a New York :
|b Tor,
|c 2020.
|
| 264 |
|
4 |
|c ©2020
|
| 300 |
|
|
|a 398 pages ;
|c 21 cm.
|
| 336 |
|
|
|a text
|b txt
|2 rdacontent
|
| 337 |
|
|
|a unmediated
|b n
|2 rdamedia
|
| 338 |
|
|
|a volume
|b nc
|2 rdacarrier
|
| 490 |
1 |
|
|a Chronicles of Ghadid ;
|v book III
|
| 500 |
|
|
|a "A Tom Doherty Associates book."
|
| 500 |
|
|
|a Sequel to: The perfect assassin.
|
| 520 |
|
|
|a Seven years have passed since the Siege--a time when the hungry dead had risen--but the memories still haunt Illi Basbowen. Though she was trained to be an elite assassin, now the Basbowen clan act as Ghadid's militia force protecting the resurrected city against a growing tide of monstrous guul that travel across the dunes. Illi's worst fears are confirmed when General Barca arrives, bearing news that her fledgling nation, Hathage, also faces this mounting danger. In her search for the source of the guul, the general exposes a catastrophic secret hidden on the outskirts of Ghadid. To protect her city and the realm, Illi must travel to Hathage and confront her inner demons in order to defeat a greater one--but how much can she sacrifice to protect everything she knows from devastation?
|
| 650 |
|
0 |
|a Assassins
|v Fiction.
|
| 650 |
|
0 |
|a Murder
|v Fiction.
|
| 650 |
|
0 |
|a Family-owned business enterprises
|v Fiction.
|
| 650 |
|
0 |
|a Magic
|v Fiction.
|
| 650 |
|
7 |
|a Assassins.
|2 fast
|0 (OCoLC)fst00818974
|
| 650 |
|
7 |
|a Family-owned business enterprises.
|2 fast
|0 (OCoLC)fst00920575
|
| 650 |
|
7 |
|a Magic.
|2 fast
|0 (OCoLC)fst01005468
|
| 650 |
|
7 |
|a Murder.
|2 fast
|0 (OCoLC)fst01029781
|
| 655 |
|
7 |
|a Fantasy fiction.
|2 fast
|0 (OCoLC)fst01726607
|
| 655 |
|
7 |
|a Fiction.
|2 fast
|0 (OCoLC)fst01423787
|
| 655 |
|
7 |
|a Thrillers (Fiction)
|2 fast
|0 (OCoLC)fst01726755
|
| 655 |
|
7 |
|a Fantasy fiction.
|2 lcgft
|
| 655 |
|
7 |
|a Thrillers (Fiction)
|2 lcgft
|
| 800 |
1 |
|
|a Doore, K. A.
|t Chronicles of Ghadid ;
|v bk. 3.
|
| 852 |
8 |
|
|b pda,print
|z This title is available for the library to purchase for your use. Click the "Purchase It For Me" button to place a request. This item may take 5-10 business days to arrive.
|
| 955 |
|
|
|a Print PDA title
|
| 961 |
|
|
|m 565730
|
| 999 |
f |
f |
|s b6f0a509-5200-40f6-9886-98b2eba1ac94
|i 2d08c62e-1ea9-33ef-ac73-963803024102
|t 0
|
| 952 |
f |
f |
|a Texas A&M University
|b College Station
|c Sterling C. Evans Library
|d Purchase on Demand
|t 0
|e PS3604.O66 U53 2020
|h Library of Congress classification
|
| 998 |
f |
f |
|a PS3604.O66 U53 2020
|t 0
|l Purchase on Demand
|